Govt. of
Madhya Pradesh

Three Farceure Tagore, Chekhov,Wilde (Record no. 63300)

MARC details
000 -LEADER
fixed length control field 00264nam a22000977a 4500
100 ## - MAIN ENTRY--AUTHOR NAME
Personal name Chatterjeee,Dr. Madhuchhanda
245 ## - TITLE STATEMENT
Title Three Farceure Tagore, Chekhov,Wilde
260 ## - PUBLICATION, DISTRIBUTION, ETC. (IMPRINT)
Place of publication Kolkata
Name of publisher Drima Donna Pub.
Year of publication 2016
650 ## - SUBJECT ADDED ENTRY--TOPICAL TERM
Topical Term Children Book
942 ## - ADDED ENTRY ELEMENTS (KOHA)
Koha item type Books
Holdings
Withdrawn status Lost status Damaged status Not for loan Home library Current library Date acquired Cost, normal purchase price Full call number Accession Number Price effective from Koha item type
        MACL MACL 19/09/2020 500.00 741.642 RRC000292 19/09/2020 Books